000 00937naa a2200277 c 4500
001 42986
003 ES-MaCES
005 20120621101400.0
008 120621n1998 sp t 000 | spa d
035 _aCES20120005960v
040 _aES-MaCES
_bspa
_cES-MaCES
245 0 4 _aLos acuerdos de 1998 en el sector textil y de la confección
650 4 _a1998
_931169
650 4 _aEspaña
_926964
650 4 _aconvenio colectivo
_928361
650 4 _anegociación colectiva
_928362
650 4 _aclasificación de empleos
_928312
650 4 _aempleo temporal
_929000
650 4 _acorte y confección
_929934
650 4 _aindustria textil
_927716
653 1 0 _aRelaciones laborales-Empleo
773 0 _tObservatorio de relaciones industriales
_gN. 8 (jun. 1998){10697 R. 025956}; p. 1-4
_w(ES-MaCES)25698
_968848
902 _aART Artículo de revista
942 _2CES
_cAR
_h2.0.
999 _c42986
_d42986